[Event "Chess Festival 2008 - IM Tespo Engineer"]
[Site "Brno CZE"]
[Date "2008.06.30"]
[Round "5.5"]
[White "Roubalik, Jakub"]
[Black "Ponizil, Cyril"]
[Result "1-0"]
[WhiteElo "2175"]
[BlackElo "2304"]
[PlyCount "79"]
[EventDate "2008.06.27"]
[EventType "tourn"]
[EventRounds "11"]
[EventCountry "CZE"]
[EventCategory "2"]
[Source "lmi"]
[SourceDate "2008.06.27"]

1. d4 Nf6 2. c4 g6 3. Nc3 Bg7 4. e4 d6 5. Nge2 Nc6 6. d5 Nb8 7. Ng3 e6 8. Be2
c6 9. dxe6 Bxe6 10. Bf4 d5 11. cxd5 cxd5 12. Nb5 Qa5+ 13. Bd2 Qb6 14. Bb4 Nc6
15. Nd6+ Kd7 16. Ba3 Bf8 17. Nc4 Qd4 18. Qb3 Bb4+ 19. Bxb4 dxc4 20. Qa3 Nxb4
21. Qxb4 Kc6 22. Rd1 Qc5 23. Qc3 Nd7 24. O-O b5 25. a3 a5 26. Kh1 b4 27. Qc2 h5
28. h4 Ne5 29. f4 Ng4 30. f5 Qe7 31. Bxg4 hxg4 32. fxe6 Rxh4+ 33. Kg1 Qc5+ 34.
Rf2 fxe6 35. Qa4+ Qb5 36. Rd6+ Kc5 37. Qd1 Qb7 38. a4 b3 39. Qd4+ Kb4 40. Rb6+
1-0

[Event "Chess Festival 2008 - IM Tespo Engineer"]
[Site "Brno CZE"]
[Date "2008.06.30"]
[Round "5.6"]
[White "Kulovana, Eva"]
[Black "Kuchynka, Lukas"]
[Result "1/2-1/2"]
[WhiteElo "2315"]
[BlackElo "2163"]
[PlyCount "33"]
[EventDate "2008.06.27"]
[EventType "tourn"]
[EventRounds "11"]
[EventCountry "CZE"]
[EventCategory "2"]
[Source "lmi"]
[SourceDate "2008.06.27"]

1. e4 c5 2. Nf3 Nc6 3. d4 cxd4 4. Nxd4 e5 5. Nb5 d6 6. a4 Be6 7. N1c3 a6 8. Na3
Rc8 9. Nc4 Nb4 10. Ne3 Nf6 11. Bd3 d5 12. exd5 Nfxd5 13. Nexd5 Nxd5 14. Nxd5
Qxd5 15. O-O e4 16. Be2 Qe5 17. c3 1/2-1/2

[Event "Chess Festival 2008 - IM Tespo Engineer"]
[Site "Brno CZE"]
[Date "2008.07.01"]
[Round "6.1"]
[White "Popchev, Milko"]
[Black "Kuchynka, Lukas"]
[Result "1-0"]
[WhiteElo "2426"]
[BlackElo "2163"]
[PlyCount "93"]
[EventDate "2008.06.27"]
[EventType "tourn"]
[EventRounds "11"]
[EventCountry "CZE"]
[EventCategory "2"]
[Source "lmi"]
[SourceDate "2008.06.27"]

1. d4 Nf6 2. Nf3 g6 3. g3 Bg7 4. Bg2 O-O 5. O-O d6 6. Nc3 Nc6 7. e4 Bg4 8. h3
Bxf3 9. Bxf3 e5 10. dxe5 dxe5 11. Be3 Nd4 12. Bg2 Qe7 13. Nb1 Rfd8 14. Nd2 a5
15. c3 Ne6 16. Qe2 b6 17. Rfd1 Nc5 18. Qc4 Bf8 19. Bf1 a4 20. b4 axb3 21. axb3
Ne8 22. Rxa8 Rxa8 23. b4 Ne6 24. Qc6 Rd8 25. Ra1 f5 26. Bc4 Rd6 27. Qb5 Kh8 28.
exf5 gxf5 29. Ra8 Nd8 30. Nf3 f4 31. gxf4 c5 32. bxc5 Rg6+ 33. Kh2 Nc7 34. Qa4
Nxa8 35. Nxe5 Rg7 36. Qxa8 bxc5 37. Bd5 Qd6 38. c4 Qe7 39. Qb8 Qc7 40. Qb5 Qe7
41. Qb1 Qf6 42. Ng4 Qh4 43. Qf5 Bd6 44. Ne5 Qe7 45. Bd2 Qh4 46. Nd3 Bxf4+ 47.
Bxf4 1-0

[Event "Chess Festival 2008 - IM Tespo Engineer"]
[Site "Brno CZE"]
[Date "2008.07.01"]
[Round "6.2"]
[White "Ponizil, Cyril"]
[Black "Kulovana, Eva"]
[Result "0-1"]
[WhiteElo "2304"]
[BlackElo "2315"]
[PlyCount "84"]
[EventDate "2008.06.27"]
[EventType "tourn"]
[EventRounds "11"]
[EventCountry "CZE"]
[EventCategory "2"]
[Source "lmi"]
[SourceDate "2008.06.27"]

1. e4 c6 2. d4 d5 3. Nc3 dxe4 4. Nxe4 Bf5 5. Ng3 Bg6 6. h4 h6 7. Nh3 Nf6 8. Nf4
Bh7 9. Be3 e6 10. Bd3 Bxd3 11. Qxd3 Bd6 12. O-O-O Nbd7 13. Kb1 Qc7 14. Nfh5
O-O-O 15. c4 Nxh5 16. Nxh5 g6 17. Ng3 Bxg3 18. fxg3 Qxg3 19. d5 Nb6 20. d6 Rd7
21. Qe2 Qe5 22. Rhe1 Qe4+ 23. Ka1 Nxc4 24. Qf2 Nxe3 25. Rxe3 Qa4 26. Red3 Rhd8
27. a3 Kb8 28. g3 h5 29. Qf3 Qa5 30. Qe2 e5 31. Qe3 Re8 32. R3d2 e4 33. Kb1 f5
34. Rc2 Re6 35. Qh6 Qd8 36. Qf4 Qf6 37. Rcd2 Qe5 38. Qh6 b6 39. Qf8+ Kb7 40. a4
e3 41. a5 Qxa5 42. Re2 Qe5 0-1

[Event "Chess Festival 2008 - IM Tespo Engineer"]
[Site "Brno CZE"]
[Date "2008.07.01"]
[Round "6.3"]
[White "Vymazal, Bronislav"]
[Black "Roubalik, Jakub"]
[Result "1/2-1/2"]
[WhiteElo "2312"]
[BlackElo "2175"]
[PlyCount "77"]
[EventDate "2008.06.27"]
[EventType "tourn"]
[EventRounds "11"]
[EventCountry "CZE"]
[EventCategory "2"]
[Source "lmi"]
[SourceDate "2008.06.27"]

1. e4 c5 2. Nc3 Nc6 3. g3 g6 4. Bg2 Bg7 5. d3 d6 6. Be3 e6 7. Qd2 Rb8 8. Nge2
Nd4 9. O-O b5 10. Nd1 Nxe2+ 11. Qxe2 Ne7 12. Qd2 Qb6 13. Bh6 O-O 14. Bxg7 Kxg7
15. Ne3 e5 16. Kh1 Bd7 17. f4 f6 18. Rf2 Qa6 19. c3 Qa4 20. b3 Qa5 21. d4 cxd4
22. cxd4 Qxd2 23. Rxd2 Be6 24. dxe5 dxe5 25. Rd6 Rb6 26. Rxb6 axb6 27. Rd1 Ra8
28. Rd6 Kf7 29. f5 Bc8 30. fxg6+ hxg6 31. Rxb6 Rxa2 32. Bf1 Bd7 33. Bxb5 Bxb5
34. Rxb5 Re2 35. Nc4 Nc6 36. Rb7+ Ke6 37. Rb6 Kd7 38. Rb7+ Ke6 39. Rb6 1/2-1/2

[Event "Chess Festival 2008 - IM Tespo Engineer"]
[Site "Brno CZE"]
[Date "2008.07.01"]
[Round "6.4"]
[White "Bolt, Graham"]
[Black "Daulyte, Deimante"]
[Result "1/2-1/2"]
[WhiteElo "2118"]
[BlackElo "2249"]
[PlyCount "115"]
[EventDate "2008.06.27"]
[EventType "tourn"]
[EventRounds "11"]
[EventCountry "CZE"]
[EventCategory "2"]
[Source "lmi"]
[SourceDate "2008.06.27"]

1. e4 e5 2. Nf3 Nc6 3. d4 exd4 4. Nxd4 Nf6 5. Nxc6 bxc6 6. e5 Qe7 7. Qe2 Nd5 8.
c4 Ba6 9. Nd2 f6 10. Qe4 Nb6 11. exf6 Qxe4+ 12. Nxe4 Bxc4 13. Bxc4 Nxc4 14. b3
Ne5 15. O-O Nd3 16. Rd1 Nxc1 17. Raxc1 d5 18. fxg7 Bxg7 19. Nc5 Bb2 20. Rc2 Ba3
21. Nd3 Bd6 22. Rxc6 Kd7 23. Rc2 a5 24. Nc5+ Bxc5 25. Rxc5 c6 26. Rdc1 Ra6 27.
f4 Re8 28. Kf2 Re4 29. Kf3 a4 30. g4 axb3 31. axb3 Rb6 32. R1c3 Rbb4 33. Rxc6
Rxf4+ 34. Ke2 Rbe4+ 35. Kd3 Rf3+ 36. Kd2 Rf2+ 37. Kd3 Rxh2 38. Rc7+ Kd6 39.
R3c6+ Ke5 40. Re7+ Kf4 41. Rg7 Re3+ 42. Kd4 Rd2+ 43. Kc5 Rc3+ 44. Kd6 d4 45.
Rxh7 Rxc6+ 46. Kxc6 Rc2+ 47. Kb5 d3 48. Rd7 Ke3 49. b4 d2 50. Ka6 Ra2+ 51. Kb6
Ra3 52. Rxd2 Kxd2 53. b5 Kc3 54. Kc7 Kb4 55. b6 Rc3+ 56. Kd7 Rd3+ 57. Kc8 Rc3+
58. Kd7 1/2-1/2

[Event "Chess Festival 2008 - IM Tespo Engineer"]
[Site "Brno CZE"]
[Date "2008.07.01"]
[Round "6.5"]
[White "Bartos, Jan"]
[Black "Krejci, Jan"]
[Result "0-1"]
[WhiteElo "2192"]
[BlackElo "2354"]
[PlyCount "98"]
[EventDate "2008.06.27"]
[EventType "tourn"]
[EventRounds "11"]
[EventCountry "CZE"]
[EventCategory "2"]
[Source "lmi"]
[SourceDate "2008.06.27"]

1. d4 d5 2. c4 c6 3. e3 Nf6 4. Bd3 e5 5. Nc3 e4 6. Bc2 Bd6 7. cxd5 cxd5 8. f3
Qe7 9. Nb5 Bb4+ 10. Bd2 exf3 11. Nxf3 Qxe3+ 12. Kf1 Bxd2 13. Qxd2 Qxd2 14. Nxd2
Na6 15. Kf2 O-O 16. a3 Bd7 17. Nc3 Nc7 18. Rhe1 Rac8 19. Bb3 Bf5 20. h3 Ne6 21.
Nxd5 Nxd5 22. Bxd5 Rc2 23. Ke3 Re8 24. Ne4 Bxe4 25. Bxe4 Rxb2 26. Kd3 Kf8 27.
Kc3 Rb6 28. Rab1 Rc8+ 29. Kd3 Rd8 30. d5 Nc5+ 31. Kd4 Rxb1 32. Bxb1 b6 33. Ba2
f6 34. Re3 Re8 35. Rxe8+ Kxe8 36. Bc4 Ke7 37. Be2 Kd6 38. Bf3 b5 39. Be2 a6 40.
Bd1 Nd7 41. Bf3 Nb6 42. Be4 h6 43. g4 Nc4 44. a4 Nb6 45. axb5 axb5 46. h4 g5
47. hxg5 fxg5 48. Bd3 b4 49. Be4 b3 0-1

[Event "Chess Festival 2008 - IM Tespo Engineer"]
[Site "Brno CZE"]
[Date "2008.07.01"]
[Round "6.6"]
[White "Luch, Michal"]
[Black "Rutkowski, Maciej"]
[Result "1/2-1/2"]
[WhiteElo "2383"]
[BlackElo "2402"]
[PlyCount "29"]
[EventDate "2008.06.27"]
[EventType "tourn"]
[EventRounds "11"]
[EventCountry "CZE"]
[EventCategory "2"]
[Source "lmi"]
[SourceDate "2008.06.27"]

1. e4 c6 2. d4 d5 3. exd5 cxd5 4. c4 Nf6 5. Nc3 Nc6 6. Nf3 Bg4 7. cxd5 Nxd5 8.
Qb3 Bxf3 9. gxf3 e6 10. Qxb7 Nxd4 11. Bb5+ Nxb5 12. Qc6+ Ke7 13. Qxb5 Qd7 14.
Nxd5+ Qxd5 15. Bg5+ 1/2-1/2

[Event "Chess Festival 2008 - IM Tespo Engineer"]
[Site "Brno CZE"]
[Date "2008.07.02"]
[Round "7.1"]
[White "Rutkowski, Maciej"]
[Black "Popchev, Milko"]
[Result "1/2-1/2"]
[WhiteElo "2402"]
[BlackElo "2426"]
[PlyCount "21"]
[EventDate "2008.06.27"]
[EventType "tourn"]
[EventRounds "11"]
[EventCountry "CZE"]
[EventCategory "2"]
[Source "lmi"]
[SourceDate "2008.06.27"]

1. c4 e5 2. Nc3 Nc6 3. g3 g6 4. Bg2 Bg7 5. e3 d6 6. Nge2 Nge7 7. O-O O-O 8. d3
Be6 9. Nd5 Qd7 10. a3 Nd8 11. Rb1 1/2-1/2

[Event "Chess Festival 2008 - IM Tespo Engineer"]
[Site "Brno CZE"]
[Date "2008.07.02"]
[Round "7.2"]
[White "Krejci, Jan"]
[Black "Luch, Michal"]
[Result "1/2-1/2"]
[WhiteElo "2354"]
[BlackElo "2383"]
[PlyCount "28"]
[EventDate "2008.06.27"]
[EventType "tourn"]
[EventRounds "11"]
[EventCountry "CZE"]
[EventCategory "2"]
[Source "lmi"]
[SourceDate "2008.06.27"]

1. e4 e5 2. Nf3 Nc6 3. Bb5 a6 4. Ba4 Nf6 5. O-O Be7 6. Re1 b5 7. Bb3 d6 8. c3
O-O 9. h3 Na5 10. Bc2 c5 11. d4 cxd4 12. cxd4 Nc6 13. Nc3 Bb7 14. d5 Nb8
1/2-1/2

[Event "Chess Festival 2008 - IM Tespo Engineer"]
[Site "Brno CZE"]
[Date "2008.07.02"]
[Round "7.3"]
[White "Daulyte, Deimante"]
[Black "Bartos, Jan"]
[Result "1/2-1/2"]
[WhiteElo "2249"]
[BlackElo "2192"]
[PlyCount "87"]
[EventDate "2008.06.27"]
[EventType "tourn"]
[EventRounds "11"]
[EventCountry "CZE"]
[EventCategory "2"]
[Source "lmi"]
[SourceDate "2008.06.27"]

1. e4 e5 2. Nf3 Nf6 3. Nxe5 d6 4. Nf3 Nxe4 5. Nc3 Nxc3 6. dxc3 Be7 7. Bf4 O-O
8. Qd2 Nd7 9. O-O-O Nc5 10. Be3 Re8 11. Kb1 Bf6 12. Bc4 Be6 13. Bxe6 Nxe6 14.
h4 Qd7 15. g4 Qc6 16. Nd4 Nxd4 17. cxd4 d5 18. g5 Be7 19. h5 Bf8 20. Bf4 Bd6
21. g6 fxg6 22. hxg6 hxg6 23. Rh3 Bxf4 24. Qxf4 Re4 25. Qh2 Rae8 26. Rh8+ Kf7
27. Rxe8 Kxe8 28. f3 Re6 29. Rh1 Qd6 30. Qh8+ Kf7 31. Qc8 Qc6 32. c3 Re8 33.
Qg4 Qd6 34. Rg1 c6 35. Kc1 Qe6 36. Qf4+ Qf6 37. Qg3 Qf5 38. Rg2 Qd3 39. Rd2 Qe3
40. Kc2 g5 41. Rg2 Kf6 42. Kb3 Qf4 43. Qh3 Qf5 44. Qg3 1/2-1/2

[Event "Chess Festival 2008 - IM Tespo Engineer"]
[Site "Brno CZE"]
[Date "2008.07.02"]
[Round "7.4"]
[White "Roubalik, Jakub"]
[Black "Bolt, Graham"]
[Result "1-0"]
[WhiteElo "2175"]
[BlackElo "2118"]
[PlyCount "103"]
[EventDate "2008.06.27"]
[EventType "tourn"]
[EventRounds "11"]
[EventCountry "CZE"]
[EventCategory "2"]
[Source "lmi"]
[SourceDate "2008.06.27"]

1. d4 Nf6 2. c4 g6 3. Nc3 d5 4. cxd5 Nxd5 5. e4 Nxc3 6. bxc3 Bg7 7. Nf3 O-O 8.
Be2 c5 9. Rb1 b6 10. O-O Bb7 11. d5 Bxc3 12. Bb2 Bxb2 13. Rxb2 Nd7 14. Bc4 Qc7
15. Qe2 Nf6 16. Rd2 Rad8 17. Rfd1 Qf4 18. e5 Nh5 19. h3 Ng7 20. g3 Qh6 21. h4
Qh5 22. Qe3 Qg4 23. Be2 Qa4 24. Bf1 Nf5 25. Qc3 h6 26. Bh3 Qe4 27. Bg2 Qa4 28.
Bh3 Ng7 29. Qe3 Kh7 30. Kh2 Qc4 31. Bf1 Qb4 32. Bh3 b5 33. Ne1 c4 34. Qxa7 c3
35. Rd4 Qb2 36. Nd3 Qe2 37. Re1 Qd2 38. Qxb7 Ra8 39. Qxe7 Qxa2 40. d6 Rad8 41.
Qf6 c2 42. Rc1 Nh5 43. Qf3 Ra8 44. Qe2 Qa7 45. Rb4 Qa6 46. Rxc2 Rfe8 47. Rc7
Kg8 48. e6 f5 49. Qe5 Rad8 50. Bxf5 Rxd6 51. Bxg6 Rexe6 52. Bf7+ 1-0

[Event "Chess Festival 2008 - IM Tespo Engineer"]
[Site "Brno CZE"]
[Date "2008.07.02"]
[Round "7.5"]
[White "Kulovana, Eva"]
[Black "Vymazal, Bronislav"]
[Result "1/2-1/2"]
[WhiteElo "2315"]
[BlackElo "2312"]
[PlyCount "103"]
[EventDate "2008.06.27"]
[EventType "tourn"]
[EventRounds "11"]
[EventCountry "CZE"]
[EventCategory "2"]
[Source "lmi"]
[SourceDate "2008.06.27"]

1. e4 c5 2. Nf3 Nc6 3. Bb5 g6 4. Bxc6 dxc6 5. d3 Bg7 6. h3 Nf6 7. Nc3 O-O 8.
Be3 Nd7 9. Qd2 e5 10. Bh6 Qe7 11. Bxg7 Kxg7 12. Nh2 Rd8 13. Ng4 Nf8 14. O-O-O
b5 15. f4 Bxg4 16. hxg4 exf4 17. Qxf4 f6 18. Rdf1 Qe5 19. g3 Rd7 20. Nb1 Ne6
21. Qh6+ Kg8 22. Nd2 Rf8 23. Rhg1 c4 24. dxc4 bxc4 25. Qe3 c3 26. Qxc3 Qxc3 27.
bxc3 Ng5 28. Rg2 Re7 29. Rgf2 Nxe4 30. Re1 Nxf2 31. Rxe7 Rf7 32. Re6 Nxg4 33.
Rxc6 Kg7 34. c4 h5 35. c5 Re7 36. Rd6 Rc7 37. Nb3 Kf7 38. Kd2 Ne5 39. Kc3 g5
40. Kd4 h4 41. gxh4 gxh4 42. Ke4 Kg6 43. Kf4 Rg7 44. Nd2 h3 45. Kg3 Rh7 46. Nf1
Kg5 47. Rd5 Kf5 48. c3 Ke6 49. Rd6+ Kf5 50. Rd5 Ke4 51. Rd4+ Kf5 52. Rd5
1/2-1/2

[Event "Chess Festival 2008 - IM Tespo Engineer"]
[Site "Brno CZE"]
[Date "2008.07.02"]
[Round "7.6"]
[White "Kuchynka, Lukas"]
[Black "Ponizil, Cyril"]
[Result "1-0"]
[WhiteElo "2163"]
[BlackElo "2304"]
[PlyCount "65"]
[EventDate "2008.06.27"]
[EventType "tourn"]
[EventRounds "11"]
[EventCountry "CZE"]
[EventCategory "2"]
[Source "lmi"]
[SourceDate "2008.06.27"]

1. e4 c5 2. Nf3 e6 3. d4 cxd4 4. Nxd4 a6 5. Bd3 Nf6 6. O-O Qc7 7. Qe2 d6 8. c4
g6 9. Nc3 Bg7 10. Be3 O-O 11. Rac1 Nc6 12. Nxc6 bxc6 13. f4 Nd7 14. f5 exf5 15.
exf5 Re8 16. Ne4 Ne5 17. f6 Bf8 18. Bb1 Be6 19. b3 Ng4 20. Bf4 Qa7+ 21. Kh1 d5
22. Nd6 Bxd6 23. Bxd6 dxc4 24. bxc4 Qe3 25. Qf3 Qxf3 26. Rxf3 Bxc4 27. h3 Nh6
28. Bf4 Bd5 29. Rg3 Re6 30. Bxh6 Rxf6 31. a3 Rb8 32. Re3 Rd6 33. Bf4 1-0

[Event "Chess Festival 2008 - IM Tespo Engineer"]
[Site "Brno CZE"]
[Date "2008.07.03"]
[Round "8.1"]
[White "Popchev, Milko"]
[Black "Ponizil, Cyril"]
[Result "1-0"]
[WhiteElo "2426"]
[BlackElo "2304"]
[PlyCount "35"]
[EventDate "2008.06.27"]
[EventType "tourn"]
[EventRounds "11"]
[EventCountry "CZE"]
[EventCategory "2"]
[Source "lmi"]
[SourceDate "2008.06.27"]

1. g3 Nf6 2. Bg2 d5 3. c4 d4 4. d3 e5 5. Nf3 Nc6 6. O-O h6 7. b4 e4 8. dxe4
Bxb4 9. Bb2 Bc5 10. Nbd2 Bg4 11. Nb3 Bxf3 12. exf3 Qe7 13. f4 Rd8 14. e5 Nd7
15. Bxc6 bxc6 16. Qf3 Bb6 17. a4 a5 18. Qxc6 1-0

[Event "Chess Festival 2008 - IM Tespo Engineer"]
[Site "Brno CZE"]
[Date "2008.07.03"]
[Round "8.2"]
[White "Vymazal, Bronislav"]
[Black "Kuchynka, Lukas"]
[Result "1/2-1/2"]
[WhiteElo "2312"]
[BlackElo "2163"]
[PlyCount "120"]
[EventDate "2008.06.27"]
[EventType "tourn"]
[EventRounds "11"]
[EventCountry "CZE"]
[EventCategory "2"]
[Source "lmi"]
[SourceDate "2008.06.27"]

1. e4 c5 2. Nf3 Nc6 3. Nc3 d6 4. d4 cxd4 5. Nxd4 e5 6. Nf5 Bxf5 7. exf5 Qd7 8.
g4 h5 9. g5 Qxf5 10. Be3 O-O-O 11. h4 Kb8 12. Bh3 Qg6 13. Qf3 Nge7 14. O-O-O f5
15. gxf6 gxf6 16. Kb1 f5 17. Bg5 Bh6 18. Bxe7 Nxe7 19. Nd5 Nxd5 20. Rxd5 Rhf8
21. Rhd1 Bg7 22. Qa3 e4 23. Bf1 Qf6 24. c3 Qxh4 25. Rxd6 Be5 26. Rd7 Bc7 27.
Qc5 Qf4 28. Bc4 h4 29. Rxd8+ Rxd8 30. Rxd8+ Bxd8 31. Be6 Qc7 32. Qxf5 Qd6 33.
a3 Bb6 34. Bd5 Bxf2 35. Qf7 Qb6 36. Qf4+ Kc8 37. Bxe4 Bg3 38. Bf5+ Kd8 39. Qg5+
Ke8 40. Qg8+ Ke7 41. Qg7+ Kd6 42. Be4 Qc7 43. Qf6+ Kd7 44. Bf5+ Ke8 45. Qh8+
Kf7 46. Be4 b6 47. Bd5+ Kg6 48. Qg8+ Kf6 49. Qe6+ Kg7 50. Ka2 a5 51. c4 Qd6 52.
Qf7+ Kh6 53. Be4 Kg5 54. Qg7+ Kf4 55. Bd5 Kf5 56. Bf3 Kf4 57. Qg4+ Ke5 58. Qg5+
Ke6 59. Bd5+ Kd7 60. Qg7+ Kd8 1/2-1/2

[Event "Chess Festival 2008 - IM Tespo Engineer"]
[Site "Brno CZE"]
[Date "2008.07.03"]
[Round "8.3"]
[White "Bolt, Graham"]
[Black "Kulovana, Eva"]
[Result "0-1"]
[WhiteElo "2118"]
[BlackElo "2315"]
[PlyCount "82"]
[EventDate "2008.06.27"]
[EventType "tourn"]
[EventRounds "11"]
[EventCountry "CZE"]
[EventCategory "2"]
[Source "lmi"]
[SourceDate "2008.06.27"]

1. e4 e5 2. Nf3 Nc6 3. Bb5 a6 4. Bxc6 dxc6 5. O-O Qd6 6. d4 exd4 7. Qxd4 Bg4 8.
e5 Qxd4 9. Nxd4 O-O-O 10. Be3 c5 11. Nb3 b6 12. f3 Bf5 13. c3 Re8 14. Bf4 Ne7
15. g4 Bxb1 16. Raxb1 Ng6 17. Bg3 Nxe5 18. Nd2 Bd6 19. b3 f6 20. Kg2 Nf7 21.
Rfe1 Kd7 22. Ne4 Re7 23. Red1 Kc6 24. Rd2 Bxg3 25. Kxg3 Nd6 26. Nf2 Rhe8 27. h4
Re3 28. c4 f5 29. Kf4 fxg4 30. Nxg4 R3e6 31. Rh1 Rf8+ 32. Kg3 h5 33. Nh2 Rg6+
34. Kh3 Rf4 35. Rg2 Rxh4+ 36. Kxh4 Rxg2 37. Kh3 Rxa2 38. Rg1 Rb2 39. Rxg7 Rxb3
40. Rg5 a5 41. Rxh5 a4 0-1

[Event "Chess Festival 2008 - IM Tespo Engineer"]
[Site "Brno CZE"]
[Date "2008.07.03"]
[Round "8.4"]
[White "Bartos, Jan"]
[Black "Roubalik, Jakub"]
[Result "1/2-1/2"]
[WhiteElo "2192"]
[BlackElo "2175"]
[PlyCount "35"]
[EventDate "2008.06.27"]
[EventType "tourn"]
[EventRounds "11"]
[EventCountry "CZE"]
[EventCategory "2"]
[Source "lmi"]
[SourceDate "2008.06.27"]

1. d4 d5 2. c4 c6 3. e3 Nf6 4. Nc3 e6 5. Nf3 Nbd7 6. Bd3 dxc4 7. Bxc4 b5 8. Be2
b4 9. Na4 Bb7 10. O-O Be7 11. a3 a5 12. Qc2 O-O 13. axb4 Bxb4 14. Bd2 Qe7 15.
Bxb4 axb4 16. b3 Rfc8 17. Rac1 Ra5 18. Nd2 1/2-1/2

[Event "Chess Festival 2008 - IM Tespo Engineer"]
[Site "Brno CZE"]
[Date "2008.07.03"]
[Round "8.5"]
[White "Luch, Michal"]
[Black "Daulyte, Deimante"]
[Result "0-1"]
[WhiteElo "2383"]
[BlackElo "2249"]
[PlyCount "110"]
[EventDate "2008.06.27"]
[EventType "tourn"]
[EventRounds "11"]
[EventCountry "CZE"]
[EventCategory "2"]
[Source "lmi"]
[SourceDate "2008.06.27"]

1. d4 Nf6 2. c4 g6 3. Nc3 Bg7 4. e4 d6 5. h3 O-O 6. Bg5 Nbd7 7. Bd3 e5 8. d5
Nc5 9. Bc2 a5 10. Qd2 Bd7 11. Nge2 Qe8 12. g4 Kh8 13. Ng3 Ng8 14. Kf1 Ne7 15.
Kg2 f6 16. Be3 f5 17. exf5 gxf5 18. gxf5 Nxf5 19. Bxf5 Bxf5 20. Bxc5 dxc5 21.
Rae1 Qg6 22. Nce4 Bxe4+ 23. Rxe4 Bh6 24. Qc3 Bf4 25. Rhe1 Ra6 26. R1e2 Qg7 27.
Rxe5 Bxe5 28. Rxe5 Raf6 29. Re2 Kg8 30. Qe3 Rf3 31. Qxf3 Rxf3 32. Kxf3 Qd4 33.
b3 b5 34. cxb5 Qxd5+ 35. Re4 a4 36. bxa4 c4 37. Ne2 Qf5+ 38. Ke3 Qc5+ 39. Kf3
c3 40. Nxc3 Qxc3+ 41. Kg2 Kf7 42. f3 Kf6 43. h4 h5 44. Kg3 Qd2 45. a3 Kf5 46.
Rb4 Qe1+ 47. Kg2 Qa1 48. Kg3 Qxa3 49. Rf4+ Ke5 50. Re4+ Kf5 51. Rf4+ Kg6 52.
Re4 Qb2 53. Kf4 Qd2+ 54. Kg3 Kf5 55. Re8 Qf4+ 0-1

[Event "Chess Festival 2008 - IM Tespo Engineer"]
[Site "Brno CZE"]
[Date "2008.07.04"]
[Round "9.1"]
[White "Krejci, Jan"]
[Black "Popchev, Milko"]
[Result "1/2-1/2"]
[WhiteElo "2354"]
[BlackElo "2426"]
[PlyCount "47"]
[EventDate "2008.06.27"]
[EventType "tourn"]
[EventRounds "11"]
[EventCountry "CZE"]
[EventCategory "2"]
[Source "lmi"]
[SourceDate "2008.06.27"]

1. e4 c6 2. d4 d5 3. e5 c5 4. Nf3 Nc6 5. c4 cxd4 6. Nxd4 dxc4 7. Nxc6 Qxd1+ 8.
Kxd1 bxc6 9. Bxc4 e6 10. Nc3 Ne7 11. Ke2 Nd5 12. Ne4 Rb8 13. b3 Bd7 14. Be3
Nxe3 15. Kxe3 Ba3 16. Rad1 Ke7 17. Rd2 Rhd8 18. Rhd1 Be8 19. Nd6 Bc5+ 20. Ke4
f5+ 21. exf6+ gxf6 22. Nxe8 Rxd2 23. Rxd2 Rxe8 24. f4 1/2-1/2

[Event "Chess Festival 2008 - IM Tespo Engineer"]
[Site "Brno CZE"]
[Date "2008.07.04"]
[Round "9.2"]
[White "Daulyte, Deimante"]
[Black "Rutkowski, Maciej"]
[Result "1-0"]
[WhiteElo "2249"]
[BlackElo "2402"]
[PlyCount "73"]
[EventDate "2008.06.27"]
[EventType "tourn"]
[EventRounds "11"]
[EventCountry "CZE"]
[EventCategory "2"]
[Source "lmi"]
[SourceDate "2008.06.27"]

1. e4 c5 2. Nf3 Nc6 3. d4 cxd4 4. Nxd4 Nf6 5. Nc3 e5 6. Ndb5 d6 7. Bg5 a6 8.
Na3 b5 9. Nd5 Be7 10. Bxf6 Bxf6 11. c3 Ne7 12. Nxf6+ gxf6 13. Qd3 Bb7 14. O-O-O
d5 15. Qf3 Qd6 16. exd5 Bxd5 17. Qe3 Qe6 18. b3 Rc8 19. Kb2 Bb7 20. c4 Nf5 21.
Qd2 O-O 22. cxb5 Nd4 23. bxa6 Bxa6 24. Bxa6 Qxa6 25. Qd3 Qa7 26. Nc4 Ra8 27.
Ra1 Rfd8 28. Qe3 Qb7 29. Rhd1 Rab8 30. Rac1 Nf5 31. Qf3 Qxf3 32. Rxd8+ Rxd8 33.
gxf3 Rd3 34. Rc3 Rd4 35. a4 Ne7 36. Ne3 f5 37. Rc7 1-0

[Event "Chess Festival 2008 - IM Tespo Engineer"]
[Site "Brno CZE"]
[Date "2008.07.04"]
[Round "9.3"]
[White "Roubalik, Jakub"]
[Black "Luch, Michal"]
[Result "0-1"]
[WhiteElo "2175"]
[BlackElo "2383"]
[PlyCount "138"]
[EventDate "2008.06.27"]
[EventType "tourn"]
[EventRounds "11"]
[EventCountry "CZE"]
[EventCategory "2"]
[Source "lmi"]
[SourceDate "2008.06.27"]

1. d4 g6 2. c4 Bg7 3. Nc3 c5 4. d5 f5 5. Bg5 Bxc3+ 6. bxc3 Qa5 7. Qd2 d6 8. h4
h6 9. Bf4 Nf6 10. f3 Nbd7 11. Rc1 Ne5 12. Bxe5 dxe5 13. Nh3 Kf7 14. Nf2 Qc7 15.
e4 f4 16. Rg1 Nh5 17. Nh1 Qd6 18. Qf2 b6 19. g3 fxg3 20. Nxg3 Nf4 21. Kd2 Qf6
22. Ne2 Nh5 23. Qh2 Ba6 24. Bh3 Bxc4 25. Be6+ Ke8 26. Bg4 Ng7 27. f4 exf4 28.
Nxf4 Qd6 29. Qg3 g5 30. Nh5 Qxg3 31. Nxg7+ Kf7 32. Rxg3 Kxg7 33. Be2 Bxe2 34.
Kxe2 Kg6 35. Rcg1 Raf8 36. hxg5 h5 37. Ke3 Rh7 38. Rh3 Rhf7 39. Rgh1 Rf2 40. e5
R2f5 41. Rxh5 Rxe5+ 42. Kd3 Rxd5+ 43. Kc4 Rxg5 44. Rh6+ Kf7 45. Rh7+ Ke8 46.
Re1 Rf7 47. Rh8+ Kd7 48. Ra8 Rf4+ 49. Kb3 c4+ 50. Kb4 a5+ 51. Ka4 Rf2 52. a3
Ra2 53. Ra7+ Kd6 54. Rexe7 Rg6 55. Rad7+ Kc5 56. Rc7+ Rc6 57. Re5+ Kd6 58. Re6+
Kxe6 59. Rxc6+ Kd5 60. Rxb6 Rc2 61. Kxa5 Rxc3 62. a4 Rb3 63. Rh6 c3 64. Rh3 c2
65. Rxb3 c1=Q 66. Rb5+ Kc6 67. Ka6 Qc4 68. Ka5 Qd4 69. Rb3 Qa7+ 0-1

[Event "Chess Festival 2008 - IM Tespo Engineer"]
[Site "Brno CZE"]
[Date "2008.07.04"]
[Round "9.4"]
[White "Kulovana, Eva"]
[Black "Bartos, Jan"]
[Result "1/2-1/2"]
[WhiteElo "2315"]
[BlackElo "2192"]
[PlyCount "32"]
[EventDate "2008.06.27"]
[EventType "tourn"]
[EventRounds "11"]
[EventCountry "CZE"]
[EventCategory "2"]
[Source "lmi"]
[SourceDate "2008.06.27"]

1. e4 e5 2. Bc4 Nf6 3. d4 exd4 4. Nf3 d5 5. exd5 Bb4+ 6. c3 Qe7+ 7. Be2 dxc3 8.
bxc3 Bc5 9. O-O O-O 10. c4 Bg4 11. Bb2 Nbd7 12. Nbd2 Rfe8 13. Bd3 Ba3 14. Bd4
Bc5 15. Bb2 Ba3 16. Bd4 Bc5 1/2-1/2

[Event "Chess Festival 2008 - IM Tespo Engineer"]
[Site "Brno CZE"]
[Date "2008.07.04"]
[Round "9.5"]
[White "Kuchynka, Lukas"]
[Black "Bolt, Graham"]
[Result "1-0"]
[WhiteElo "2163"]
[BlackElo "2118"]
[PlyCount "59"]
[EventDate "2008.06.27"]
[EventType "tourn"]
[EventRounds "11"]
[EventCountry "CZE"]
[EventCategory "2"]
[Source "lmi"]
[SourceDate "2008.06.27"]

1. e4 c5 2. Nf3 Nc6 3. d4 cxd4 4. Nxd4 Nf6 5. Nc3 e6 6. Ndb5 d6 7. Bf4 e5 8.
Bg5 a6 9. Na3 b5 10. Nd5 Be7 11. Bxf6 Bxf6 12. c3 Bg5 13. Nc2 O-O 14. a4 bxa4
15. Rxa4 a5 16. Bb5 Bb7 17. O-O Ne7 18. Bc4 Nxd5 19. Bxd5 Bxd5 20. Qxd5 Qb6 21.
b4 Rac8 22. bxa5 Qb2 23. Ra2 Qxc3 24. a6 Rc5 25. Qxd6 Rc7 26. a7 Ra8 27. Rb1 h6
28. Rb8+ Rc8 29. Rxa8 Rxa8 30. Qb8+ 1-0